Catálogo - Centro de Recursos para el Aprendizaje y la Investigación
Volver al Sitio - CRAI Biblioteca| 000 -CABECERA | |
|---|---|
| campo de control de longitud fija | 01484nam a2200265 4500 |
| 001 - NÚMERO DE CONTROL | |
| campo de control | 114336 |
| 003 - IDENTIFICADOR DEL NÚMERO DE CONTROL | |
| campo de control | DR-UNIBE |
| 005 - FECHA Y HORA DE LA ÚLTIMA TRANSACCIÓN | |
| campo de control | 20260127152012.0 |
| 008 - DATOS DE LONGITUD FIJA--INFORMACIÓN GENERAL | |
| campo de control de longitud fija | 260127b2009 dr ||||| |||| 00| 0 spa d |
| 040 ## - FUENTE DE LA CATALOGACIÓN | |
| Centro catalogador/agencia de origen | BIBLIOTECA UNIBE |
| Centro/agencia transcriptor | BIBLIOTECA UNIBE |
| Lengua de catalogación | spa |
| Normas de descripción | rda |
| 041 ## - CÓDIGO DE LENGUA | |
| Código de lengua del texto/banda sonora o título independiente | spa |
| 082 ## - NÚMERO DE LA CLASIFICACIÓN DECIMAL DEWEY | |
| Número de clasificación | RD 923.1 A719t |
| 100 ## - ENTRADA PRINCIPAL--NOMBRE DE PERSONA | |
| Nombre de persona | Ariza Cabral, José Daniel, |
| Fechas asociadas al nombre | 1927-2022 |
| 9 (RLIN) | 160447 |
| Término indicativo de función/relación | autor |
| 245 ## - MENCIÓN DE TÍTULO | |
| Título | Testimonios autobiograficos / |
| Mención de responsabilidad, etc. | José Daniel Ariza Cabral |
| 260 ## - PUBLICACIÓN, DISTRIBUCIÓN, ETC. | |
| Lugar de publicación, distribución, etc. | Santo Domingo : |
| Nombre del editor, distribuidor, etc. | Computhen Todo Impreso, |
| Fecha de publicación, distribución, etc. | 2009 |
| 300 ## - DESCRIPCIÓN FÍSICA | |
| Extensión | volumen : |
| Dimensiones | 22 x 15 cm |
| 500 ## - NOTA GENERAL | |
| Nota general | Información del autor en la primera solapa y en la última comentario e la obra |
| 505 ## - NOTA DE CONTENIDO CON FORMATO | |
| Nota de contenido con formato | Remembranzas |<br/>El movimiento cívico |<br/>La educación inicial |<br/>Reafirmación familiar |<br/>Junumucu 53 |<br/>Haina y Villa Altagracia |<br/>Constanza |<br/>Momentos previos a la invasión por Constanza |<br/>Operaciones armadas en Constanza |<br/>Cárcel de el 9 y La Victoria 160 |<br/>Contra los remanentes del Trujillato |<br/>Al exilio por segunda vez d<br/>El regreso a la patria |<br/>El catorce de Junio y su sueño 220 |<br/>Rumbo al tercer exilio |
| 600 #0 - PUNTO DE ACCESO ADICIONAL DE MATERIA--NOMBRE DE PERSONA | |
| Nombre de persona | Ariza Cabral, José Daniel, |
| Fechas asociadas al nombre | 1927-2022 |
| 9 (RLIN) | 160447 |
| Subdivisión general | Relatos |
| 651 ## - PUNTO DE ACCESO ADICIONAL DE MATERIA--NOMBRE GEOGRÁFICO | |
| Fuente del encabezamiento o término | lemb |
| Nombre geográfico | República Dominicana |
| Subdivisión general | Historia |
| Subdivisión cronológica | Era de Trujillo, 1930-1961 |
| 9 (RLIN) | 26200 |
| 700 ## - PUNTO DE ACCESO ADICIONAL--NOMBRE DE PERSONA | |
| Nombre de persona | Germán Ariza, José Luis |
| 9 (RLIN) | 201866 |
| Término indicativo de función/relación | diseñador de portada |
| 700 ## - PUNTO DE ACCESO ADICIONAL--NOMBRE DE PERSONA | |
| Nombre de persona | Gómez, Luis |
| 9 (RLIN) | 42841 |
| Término indicativo de función/relación | corrector de estilo |
| 700 ## - PUNTO DE ACCESO ADICIONAL--NOMBRE DE PERSONA | |
| Nombre de persona | Tejada Fernández, Miguel |
| 9 (RLIN) | 201867 |
| Término indicativo de función/relación | diseñador |
| -- | arte final |
| 942 ## - ELEMENTOS DE PUNTO DE ACCESO ADICIONAL (KOHA) | |
| Fuente del sistema de clasificación o colocación | Sistema de Clasificación Decimal Dewey |
| Tipo de ítem Koha | Libro (general) |
| Estado de retiro | Estado de pérdida | Fuente del sistema de clasificación o colocación | No para préstamo | Código de colección | Localización permanente | Fecha de adquisición | Total de préstamos | Signatura topográfica completa | Código de barras | Fecha visto por última vez | Número de copia | Precio válido a partir de | Tipo de ítem Koha |
|---|---|---|---|---|---|---|---|---|---|---|---|---|---|
| Disponible | Sistema de Clasificación Decimal Dewey | General - Libros dominicanos | Biblioteca Central UNIBE | 12/11/2025 | RD 923.1 A719t | 260062 | 27/01/2026 | Ej. 1 | 27/01/2026 | Libro (general) |